logo

Bir Sreshtho Munshi Abdur Rouf Library
Jhenaidah Cadet College

The modern democratic state / (Record no. 9293)

MARC details
000 -LEADER
fixed length control field 00826cam a22002651a 4500
001 - CONTROL NUMBER
JCCL Control Number 9293
003 - CONTROL NUMBER IDENTIFIER
JCCL marc code BD-JhCC
005 - DATE AND TIME OF LATEST TRANSACTION
control field 20180312174838.0
008 - FIXED-LENGTH DATA ELEMENTS--GENERAL INFORMATION
fixed length control field 730405m19439999enk 000 0 eng c
035 ## - SYSTEM CONTROL NUMBER
system control number (BD-JhCC)9293
040 ## - CATALOGING SOURCE
Original cataloging agency Harvard Univ. Library
Transcribing agency ODaU
Modifying agency MoSU-L
-- DLC
-- BD-JhCC
041 ## - LANGUAGE CODE
Language code of Book eng
050 00 - LIBRARY OF CONGRESS CALL NUMBER
Classification number JC423
Item number .L56
082 ## - DEWEY DECIMAL CLASSIFICATION NUMBER
Classification number 321.8
Author mark and Year LIN 1943
100 1# - MAIN ENTRY--PERSONAL NAME
Personal name Lindsay, A. D.
Fuller form of name (Alexander Dunlop),
Dates associated with a name 1879-1952
245 14 - TITLE STATEMENT
Title The modern democratic state /
Statement of responsibility, etc by A.D. Lindsay.
260 ## - PUBLICATION, DISTRIBUTION, ETC. (IMPRINT)
Place of publication, distribution, etc London ;
-- New York :
Name of publisher, distributor, etc Oxford University Press,
Date of publication, distribution, etc 1943-
300 ## - PHYSICAL DESCRIPTION
Pagination v. ;
Dimensions 19 cm.
500 ## - GENERAL NOTE
General note "Issued under the auspices of the Royal Institute of International Affairs."
650 #0 - SUBJECT ADDED ENTRY--TOPICAL TERM
Topical term or geographic name as entry element Democracy.
650 #0 - SUBJECT ADDED ENTRY--TOPICAL TERM
Topical term or geographic name as entry element State, The.
710 2# - ADDED ENTRY--CORPORATE NAME
Corporate name or jurisdiction name as entry element Royal Institute of International Affairs.
942 ## - ADDED ENTRY ELEMENTS (KOHA)
Source of classification or shelving scheme Dewey Decimal Classification
Koha item type Books
Holdings
Source of classification or shelving scheme Damaged status Not for loan Home library Current library Shelving location Total Checkouts Full call number Barcode Date last seen Copy number Koha item type
Dewey Decimal Classification     JCC Rouf Library JCC Rouf Library General Stacks   321.8 LIN 1943 12242 03/12/2018 C - 1 Books

JCC Library | Contacts | JCC Home

Last Update on 23 September 2017
Copyright @ 2017-2020 JCC Rouf Library
Rouf Library, Jhenidah Cadet College (JCC), Bangladesh